| 000 | 00631cam a22002411 4500 | ||
|---|---|---|---|
| 001 | sa 65007997 | ||
| 003 | DLC | ||
| 005 | 20260227112152.0 | ||
| 008 | 891009s1964 ii ac 000 0 sano | ||
| 010 | _asa 65007997 | ||
| 025 | _aPL480:I-San-288 | ||
| 035 | _a(OCoLC)20457601 | ||
| 040 |
_aDLC _cWaU _dDLC |
||
| 041 | 0 | _asanhin | |
| 042 | _apremarc | ||
| 050 | 0 | 0 |
_aPK3631 _b.B5 1964b |
| 130 | 0 | _aBhagavadgītā. | |
| 245 | 1 | 0 | _aGītā navanīta. |
| 260 | _c1964. | ||
| 300 |
_a12, 268 p. _billus., ports. _c19 cm. |
||
| 500 | _aHindi and Sanskrit; introductory matter in Hindi. | ||
| 700 | 1 | _aAgrawala, Vasudeva Sharana. | |
| 999 |
_c65471 _d65471 |
||